000 00932nam a2200265Ia 4500
003 OSt
005 20221005104133.0
006 a|||||r|||| 00| 0
007 ta
008 221004b |||||||| |||| 00| 0 hin d
020 _c390
024 _a15804
037 _bBL170, 07/01/2015, K. K. Publications
_cTextual
040 _aCRL
_cCRL
_bhin
041 _2hin
_ahin
082 _aO152,1NBHx, Q0
100 _aमैत्रेय - भनोत, विधु कीर्ति
_9623760
245 0 _aतलाश
246 _aTalāsha
260 _aदिल्ली
_bदिव्यम प्रकाशन भारत
_c2010
300 _a84पृ0
_ccm.
650 _aहिन्दी साहित्य
942 _hO152,1NBHx, Q0
_cTEXL
_2cc
999 _c1011830
_d1011830